[Event "MM 2006/07, LL "]
[Site "Berlin"]
[Date "2007.05.22"]
[Round "9.1"]
[White "Schnabel, Ralf"]
[Black "Dauth, Benjamin"]
[Result "1/2-1/2"]
[WhiteElo "2215"]
[BlackElo "2198"]
[Annotator "Jonas,B"]
[PlyCount "97"]
[EventDate "2007.??.??"]
[EventType "team"]
[EventRounds "9"]
[EventCountry "GER"]
[WhiteTeam "Bund"]
[BlackTeam "ZIB/ACCSB"]
[WhiteTeamCountry "GER"]
[BlackTeamCountry "GER"]

1. e4 e5 2. Nf3 Nc6 3. Bb5 f5 4. Nc3 fxe4 5. Nxe4 d5 6. Ng3 Bg4 7. h3 Bxf3 8.
Qxf3 Nf6 9. Nh5 Qd6 10. Nxf6+ gxf6 11. Qh5+ Kd7 12. b3 Re8 13. Bb2 Qe6 14.
O-O-O Kc8 15. f4 Bd6 16. fxe5 fxe5 17. Rhf1 Rhg8 18. g4 Qg6 19. Rf5 Ref8 20.
Qxg6 hxg6 21. Rxf8+ Rxf8 22. Rf1 Rh8 23. Rh1 Kd7 24. Kd1 Ke6 25. c4 d4 26. Bxc6
bxc6 27. Ke2 c5 28. d3 e4 29. dxe4 Ke5 30. h4 Kxe4 31. h5 Bf4 32. Bc1 d3+ 33.
Kd1 Bxc1 34. Kxc1 gxh5 35. gxh5 Kf3 {remis} 36. h6 Ke2 37. Rh2+ Ke1 38. Rd2 (
38. h7 Rxh7 39. Rxh7 d2+ 40. Kb2 d1=Q 41. Rh1+ Ke2 42. Rxd1 Kxd1 43. Kc3 Kc1
44. a3 a5 45. b4 axb4+ 46. axb4 cxb4+ 47. Kxb4 Kc2 48. Kb5 Kc3 49. c5 Kd4 50.
Kc6 Kc4 $11) 38... Rxh6 39. Rxd3 Ke2 40. Rd7 Rc6 41. Kb2 Ke3 42. Rd5 Ke4 43.
Kc3 Kf4 44. Kd3 Rd6 45. Rxd6 cxd6 46. a3 a5 47. Kc3 Ke5 48. b4 a4 49. b5
1/2-1/2

[Event "MM 2006/07, LL "]
[Site "Berlin"]
[Date "2007.05.22"]
[Round "9.3"]
[White "Pinkus, Lutz"]
[Black "Vu, Philippe"]
[Result "1-0"]
[WhiteElo "2057"]
[BlackElo "2047"]
[PlyCount "125"]
[EventDate "2007.??.??"]
[EventType "team"]
[EventRounds "9"]
[EventCountry "GER"]
[WhiteTeam "Bund"]
[BlackTeam "ZIB/ACCSB"]
[WhiteTeamCountry "GER"]
[BlackTeamCountry "GER"]

1. e4 d6 2. d4 g6 3. Nc3 Bg7 4. f4 Nf6 5. Nf3 c5 6. dxc5 Qa5 7. Bd3 Qxc5 8. Qe2
Bg4 9. Be3 Qa5 10. O-O O-O 11. a3 Nc6 12. h3 Bxf3 13. Rxf3 Nd7 14. Qd2 Rac8 15.
Raf1 e6 16. f5 Nde5 17. R3f2 Rfe8 18. f6 Bf8 19. Bh6 Nxd3 20. Bxf8 Qh5 21. Qxd3
Rxf8 22. Qxd6 Ne5 23. Qe7 Nc4 24. Qxb7 Qc5 25. Qb5 Nxa3 26. bxa3 Qxc3 27. Qg5
Kh8 28. e5 Qxa3 29. Rf3 Qc5+ 30. Kh2 Rfd8 31. Rf4 Rd5 32. Rh4 Qf8 33. c4 Rdc5
34. Rff4 Kg8 35. Rfg4 a5 36. Qh5 Qg7 37. Qg5 Qh8 38. Rh6 Rxc4 39. Rxc4 Rxc4 40.
Qd2 Rc8 41. Qxa5 Rb8 42. Qc5 Rd8 43. Qe7 Ra8 44. Kg1 Ra1+ 45. Kf2 Ra2+ 46. Ke3
Ra8 47. Kd4 Rc8 48. h4 Ra8 49. Kc5 Rc8+ 50. Kb6 Rb8+ 51. Ka7 Rc8 52. Kb7 Rf8
53. Qd7 Qg7 54. fxg7 Kxg7 55. Qe7 Rg8 56. Qg5 Rf8 57. h5 Re8 58. hxg6 fxg6 59.
Rh3 Rf8 60. Qh6+ Kf7 61. Rf3+ Ke7 62. Qxf8+ Kd7 63. Rd3# 1-0

[Event "MM 2006/07, LL "]
[Site "Berlin"]
[Date "2007.05.22"]
[Round "9.4"]
[White "Martin, Mario"]
[Black "Utsch, Markus"]
[Result "0-1"]
[WhiteElo "1960"]
[BlackElo "2068"]
[Annotator "Jonas,B"]
[PlyCount "90"]
[EventDate "2007.??.??"]
[EventType "team"]
[EventRounds "9"]
[EventCountry "GER"]
[WhiteTeam "ZIB/ACCSB"]
[BlackTeam "Bund"]
[WhiteTeamCountry "GER"]
[BlackTeamCountry "GER"]

1. e4 d5 2. exd5 Nf6 3. d4 Nxd5 4. c4 Nb6 5. Nc3 g6 6. h3 Bg7 7. Nf3 O-O 8. Be3
Nc6 9. Rc1 e5 10. d5 Ne7 11. g4 f5 12. gxf5 e4 13. Nxe4 Nxf5 14. Nc3 Qe7 15.
Qe2 Nxe3 16. fxe3 Nxc4 17. e4 Nxb2 18. Bg2 Qa3 19. Qc2 Nd3+ 20. Kd2 Nxc1 21.
Rxc1 Bh6+ 22. Kd1 Qxc1+ 23. Qxc1 Bxc1 24. Kxc1 Bxh3 $18 25. Bxh3 {
völlig unnötig} Rxf3 26. Be6+ Kf8 27. Kd2 Ke7 28. e5 a6 29. a4 h5 30. Ne4 Ra3
31. Nf2 b6 32. Nd3 Rxa4 33. Ke3 Ra3 34. Kd4 Rxd3+ 35. Kxd3 Rf8 36. Ke4 g5 37.
Ke3 g4 38. Ke4 g3 39. Bh3 h4 40. Ke3 a5 41. Kd4 Rf4+ 42. Ke3 Rc4 43. Kd3 Rc5
44. Kd4 a4 45. Bf5 g2 0-1

[Event "MM 2006/07, LL "]
[Site "Berlin"]
[Date "2007.05.22"]
[Round "9.5"]
[White "Jonas, Bernhard"]
[Black "Block, Marco"]
[Result "1/2-1/2"]
[WhiteElo "2057"]
[BlackElo "1722"]
[Annotator "Jonas,B"]
[PlyCount "87"]
[EventDate "2007.??.??"]
[EventType "team"]
[EventRounds "9"]
[EventCountry "GER"]
[WhiteTeam "Bund"]
[BlackTeam "ZIB/ACCSB"]
[WhiteTeamCountry "GER"]
[BlackTeamCountry "GER"]

1. e4 c5 2. Nf3 Nc6 3. d4 cxd4 4. Nxd4 g6 5. c4 Bg7 6. Be3 d6 7. Nc3 Nf6 8. Be2
O-O 9. O-O Bd7 10. f4 Nxd4 11. Bxd4 Bc6 12. Bf3 a5 13. Nd5 $6 (13. Rc1 $1 {z.B.
} e5 14. Be3 exf4 15. Bxf4 Qb6+ 16. Rf2 $16) 13... Bxd5 14. cxd5 Nd7 15. Rc1
Rc8 16. Rc3 Bxd4+ 17. Qxd4 Rxc3 (17... Qb6 18. Qxb6 Nxb6 19. Rfc1 Rxc3 20. Rxc3
Rc8 21. Rxc8+ Nxc8 22. Kf2 Nb6 23. b3 {Endspiel}) 18. bxc3 Qc7 19. Rb1 Rc8 20.
Bg4 $1 Rd8 (20... f5 $6 21. exf5 Nf6 22. fxg6 Nxg4 23. gxh7+ Kxh7 24. Qd3+ Kg7
25. Qg3 Qxc3 26. Qxg4+) 21. Rb5 Nc5 22. h4 e6 $2 23. dxe6 Nxe6 24. Qf6 $6 (24.
Bxe6 fxe6 25. h5 $1 $16) 24... Re8 25. h5 Qe7 26. Qxe7 Rxe7 27. hxg6 $6 (27. g3
$1 Nc5 28. e5 Ne4 29. exd6 Nxd6 30. Rxa5 gxh5 31. Bxh5 Ne4 32. c4 {
und weiß hat noch was}) 27... hxg6 28. g3 Nc5 29. e5 Ne4 30. Bf3 Nxg3 31. exd6
Rd7 32. Rxb7 Rxd6 33. c4 Rd2 34. a4 Rc2 35. Bd5 Ne2+ 36. Kf1 Nxf4 37. Bxf7+ Kf8
38. Rc7 g5 39. c5 Nd3 40. c6 Nb4 41. Bb3 Rxc6 42. Rf7+ Ke8 43. Rf5 Rc3 44. Bd1
1/2-1/2

[Event "MM 2006/07, LL "]
[Site "Berlin"]
[Date "2007.05.22"]
[Round "9.6"]
[White "Muhammedzade, Tseihun"]
[Black "Altenkirch, Wolfgang"]
[Result "0-1"]
[WhiteElo "1434"]
[BlackElo "1868"]
[PlyCount "66"]
[EventDate "2007.??.??"]
[EventType "team"]
[EventRounds "9"]
[EventCountry "GER"]
[WhiteTeam "ZIB/ACCSB"]
[BlackTeam "Bund"]
[WhiteTeamCountry "GER"]
[BlackTeamCountry "GER"]

1. e4 c5 2. Nf3 Nc6 3. Nc3 d6 4. d3 e6 5. Be2 Be7 6. O-O Nf6 7. a3 O-O 8. Be3
a6 9. Nd2 b5 10. f4 d5 11. Bf2 d4 12. Ncb1 Bb7 13. c3 dxc3 14. Nxc3 Nd4 $40 15.
Rc1 Rc8 16. Bf3 Qd7 17. Ne2 Nxf3+ 18. Nxf3 Ng4 19. h3 Nxf2 20. Rxf2 f6 21. Ng3
Rfd8 22. Rd2 Bd6 23. Ne2 Qc7 24. g3 f5 25. Ng5 Re8 26. Qb3 fxe4 27. Nxe4 c4 28.
Qc2 Bxe4 29. dxe4 Bc5+ 30. Kh2 Be3 31. Rdd1 Bxc1 32. Rxc1 Red8 33. Qc3 Rd3 0-1

[Event "MM 2006/07, LL "]
[Site "Berlin"]
[Date "2007.05.22"]
[Round "9.1"]
[White "Thiede, Lars"]
[Black "Weber, Siegfried"]
[Result "1/2-1/2"]
[WhiteElo "2364"]
[BlackElo "2287"]
[PlyCount "62"]
[EventDate "2007.??.??"]
[EventType "team"]
[EventRounds "9"]
[EventCountry "GER"]
[WhiteTeam "BA Tempelhof"]
[BlackTeam "BVG Helmholtz"]
[WhiteTeamCountry "GER"]
[BlackTeamCountry "GER"]

1. Nf3 Nc6 2. e4 e5 3. Bc4 Nf6 4. d3 h6 5. c3 d6 6. Nbd2 g6 7. Nf1 Bg7 8. Ng3
O-O 9. O-O Bd7 10. b4 Qe7 11. a4 Be6 12. Qb3 Nd8 13. Re1 Nd7 14. Ba3 a6 15. b5
Bxc4 16. Qxc4 Ne6 17. Bb4 Nec5 18. Bxc5 Nxc5 19. d4 Ne6 20. Reb1 axb5 21. axb5
h5 22. Nf1 Bh6 23. dxe5 dxe5 24. Qd5 Rab8 25. b6 Rfd8 26. Qc4 Rbc8 27. Ra7 cxb6
28. Qb4 $11 Nc5 29. Qxb6 Nxe4 30. Rxb7 Qd6 31. Qb3 Qd5 1/2-1/2

[Event "MM 2006/07, LL "]
[Site "Berlin"]
[Date "2007.05.22"]
[Round "9.2"]
[White "Eisentraeger, Dieter"]
[Black "Breier, Andreas"]
[Result "0-1"]
[WhiteElo "2163"]
[BlackElo "2385"]
[PlyCount "138"]
[EventDate "2007.??.??"]
[EventType "team"]
[EventRounds "9"]
[EventCountry "GER"]
[WhiteTeam "BVG Helmholtz"]
[BlackTeam "BA Tempelhof"]
[WhiteTeamCountry "GER"]
[BlackTeamCountry "GER"]

1. d4 e6 2. e4 d5 3. Nc3 Nf6 4. e5 Nfd7 5. f4 c5 6. Nf3 Nc6 7. Be3 a6 8. Qd2 b5
9. g3 b4 10. Ne2 a5 11. Bg2 Nb6 12. b3 c4 13. O-O c3 14. Qd1 Ne7 15. Ne1 Nf5
16. Bf2 h5 17. h3 g5 18. fxg5 Qxg5 19. Nf3 Qg7 20. Kh2 Ba6 21. Rg1 Be7 22. Bf1
Bg5 23. Nxg5 Qxg5 24. Qc1 Qxc1 25. Nxc1 Bxf1 26. Rxf1 Kd7 27. Nd3 Kc6 28. a4
Rag8 29. Rg1 Nd7 30. Rg2 Nf8 31. Nf4 Nh7 32. h4 Nf8 33. Nh3 Rg4 34. Rd1 Kd7 35.
Kg1 Nh7 36. Kf1 Rhg8 37. Rd3 Nxh4 38. Rh2 Nf5 39. Ng1 Nxg3+ 40. Bxg3 Rxg3 41.
Rxg3 Rxg3 42. Rxh5 Ng5 43. Rh8 Rg4 44. Rg8 Rf4+ 45. Ke2 Ne4 46. Nf3 Nd2 47.
Nxd2 cxd2 48. Kxd2 Rxd4+ 49. Kc1 Re4 50. Ra8 Rxe5 51. Rxa5 f5 52. Ra7+ Kc6 53.
Rf7 Re4 54. Kd2 f4 55. Rf6 Kc5 56. Rf8 e5 57. Rc8+ Kb6 58. Rb8+ Kc7 59. Rf8 Re3
60. Rf7+ Kb6 61. Rf6+ Kc5 62. Rf8 Rh3 63. Rc8+ Kd4 64. a5 Rh2+ 65. Kc1 f3 66.
Rf8 f2 67. Kb2 Ke3 68. a6 Rh7 69. Rf5 e4 0-1

[Event "MM 2006/07, LL "]
[Site "Berlin"]
[Date "2007.05.22"]
[Round "9.3"]
[White "Wiessner, Georg"]
[Black "Kauschmann, Herbert"]
[Result "1/2-1/2"]
[WhiteElo "2126"]
[BlackElo "2189"]
[PlyCount "95"]
[EventDate "2007.??.??"]
[EventType "team"]
[EventRounds "9"]
[EventCountry "GER"]
[WhiteTeam "BA Tempelhof"]
[BlackTeam "BVG Helmholtz"]
[WhiteTeamCountry "GER"]
[BlackTeamCountry "GER"]

1. e4 d6 2. d4 Nf6 3. Nc3 c6 4. f4 Qc7 5. Nf3 Bg4 6. h3 Bxf3 7. Qxf3 e5 8. Be3
Nbd7 9. O-O-O Be7 10. g4 exf4 11. Bxf4 O-O-O 12. Bc4 Rhf8 13. Bb3 Ne8 14. Kb1
f6 15. Rhe1 Kb8 16. Qg3 Ka8 17. Be6 Qa5 18. Qd3 Nb8 19. Bd2 Qb6 20. Bb3 Qc7 21.
Ne2 Qd7 22. Nf4 Nc7 23. Be3 d5 24. exd5 cxd5 25. Qxh7 Bb4 26. c3 Ba5 27. Qd3
Rh8 28. Bf2 Nc6 29. Qf3 Bb6 30. Ba4 Qf7 31. h4 g5 32. Ng2 gxh4 33. Bxh4 Rdf8
34. Bc2 Na5 35. Rf1 Nc4 36. Bg3 Qd7 37. Bb3 Rhg8 38. Bxc4 dxc4 39. Bxc7 Bxc7
40. Ne3 a6 41. Rg1 Qb5 42. Qe2 Qe8 43. Qf3 Qf7 44. Nf5 Re8 45. Rde1 Qh7 46. Re4
Rxe4 47. Qxe4 Qh3 48. a4 1/2-1/2

[Event "MM 2006/07, LL "]
[Site "Berlin"]
[Date "2007.05.22"]
[Round "9.4"]
[White "Branding, Volker"]
[Black "Baranowsky, Peter"]
[Result "1-0"]
[WhiteElo "2141"]
[BlackElo "1859"]
[PlyCount "61"]
[EventDate "2007.??.??"]
[EventType "team"]
[EventRounds "9"]
[EventCountry "GER"]
[WhiteTeam "BVG Helmholtz"]
[BlackTeam "BA Tempelhof"]
[WhiteTeamCountry "GER"]
[BlackTeamCountry "GER"]

1. e4 e6 2. d4 d5 3. Nc3 Bb4 4. e5 c5 5. a3 Bxc3+ 6. bxc3 Ne7 7. Nf3 Bd7 8. Bd3
Ba4 9. h4 Qa5 10. Bd2 Nbc6 11. Rb1 Qc7 12. h5 c4 13. Bf1 f5 14. h6 gxh6 15.
Rxh6 Ng6 16. Bg5 Rg8 17. Bf6 Nf8 18. Ng5 Qa5 19. Qd2 Rg6 20. Rh1 h6 21. Nh3 Nh7
22. Bh4 Rg4 23. Nf4 Rxf4 24. Qxf4 Qxc3+ 25. Qd2 Qxd4 26. Qxd4 Nxd4 27. Rxb7 Bd7
28. c3 Nc6 29. Be2 Nb8 30. Kd2 a5 31. Rhb1 1-0

[Event "MM 2006/07, LL "]
[Site "Berlin"]
[Date "2007.05.22"]
[Round "9.5"]
[White "Sarre, Sascha"]
[Black "Schulz, Ruediger"]
[Result "1/2-1/2"]
[WhiteElo "1898"]
[BlackElo "1933"]
[PlyCount "36"]
[EventDate "2007.??.??"]
[EventType "team"]
[EventRounds "9"]
[EventCountry "GER"]
[WhiteTeam "BA Tempelhof"]
[BlackTeam "BVG Helmholtz"]
[WhiteTeamCountry "GER"]
[BlackTeamCountry "GER"]

1. c4 f5 2. Nc3 Nf6 3. Nf3 d6 4. d4 g6 5. g3 Bg7 6. Bg2 O-O 7. O-O Nc6 8. d5
Ne5 9. Nxe5 dxe5 10. e4 f4 11. gxf4 exf4 12. Bxf4 Nxe4 13. Ne2 Nd6 14. Qb3 e5
15. Be3 $11 b6 16. Ng3 Ba6 17. Rac1 Qh4 18. Rfd1 Bxc4 1/2-1/2

[Event "MM 2006/07, LL "]
[Site "Berlin"]
[Date "2007.05.22"]
[Round "9.2"]
[White "Baumbach, Friedrich Dr."]
[Black "Ellers, Holger"]
[Result "1/2-1/2"]
[WhiteElo "2287"]
[BlackElo "2337"]
[PlyCount "67"]
[EventDate "2007.??.??"]
[EventType "team"]
[EventRounds "9"]
[EventCountry "GER"]
[WhiteTeam "Alcatel"]
[BlackTeam "SK Praesident"]
[WhiteTeamCountry "GER"]
[BlackTeamCountry "RUS"]

1. d4 Nf6 2. c4 e6 3. Nf3 Bb4+ 4. Bd2 a5 5. g3 d6 6. Bg2 Nbd7 7. O-O e5 8. Be3
exd4 9. Bxd4 O-O 10. Nc3 c6 11. Qc2 Re8 12. Rad1 $11 Qe7 13. e3 Ne5 14. a3 Bxc3
15. Bxc3 Bg4 16. Bxe5 dxe5 17. h3 Bh5 18. e4 Bxf3 19. Bxf3 Nd7 20. Bg4 Nc5 21.
b4 axb4 22. axb4 Na6 23. c5 Red8 24. Qc3 Nc7 25. Be2 Qg5 26. h4 Qe7 27. Bc4 Kh8
28. Qb3 f6 29. Rxd8+ Rxd8 30. Rd1 g6 31. Rd3 Kg7 32. Qd1 Rxd3 33. Qxd3 Kf8 34.
Kg2 1/2-1/2

[Event "MM 2006/07, LL "]
[Site "Berlin"]
[Date "2007.05.22"]
[Round "9.1"]
[White "Rabiega, Robert"]
[Black "Figura, Atila Gajo"]
[Result "1/2-1/2"]
[WhiteElo "2483"]
[BlackElo "2308"]
[PlyCount "30"]
[EventDate "2007.??.??"]
[EventType "team"]
[EventRounds "9"]
[EventCountry "GER"]
[WhiteTeam "Gillette"]
[BlackTeam "TT/Wiheil"]
[WhiteTeamCountry "GER"]
[BlackTeamCountry "GER"]

1. d4 d5 2. Nf3 e6 3. c4 dxc4 4. e3 Nf6 5. Bxc4 c5 6. O-O a6 7. dxc5 Qxd1 8.
Rxd1 Bxc5 9. Nbd2 Nc6 10. Nb3 Ba7 11. Nbd4 Nxd4 12. Nxd4 O-O 13. b3 b5 14. Be2
Bb7 15. Bb2 Rac8 1/2-1/2

[Event "MM 2006/07, LL "]
[Site "Berlin"]
[Date "2007.05.22"]
[Round "9.2"]
[White "Reichenbach, Werner"]
[Black "Kalinitschew, Sergey"]
[Result "1/2-1/2"]
[WhiteElo "2300"]
[BlackElo "2447"]
[PlyCount "36"]
[EventDate "2007.??.??"]
[EventType "team"]
[EventRounds "9"]
[EventCountry "GER"]
[WhiteTeam "TT/Wiheil"]
[BlackTeam "Gillette"]
[WhiteTeamCountry "GER"]
[BlackTeamCountry "GER"]

1. d4 d5 2. Nf3 c6 3. e3 Bf5 4. Bd3 e6 5. c4 Bxd3 6. Qxd3 Nf6 7. Nc3 Nbd7 8.
O-O Bb4 9. b3 O-O 10. Bb2 Qa5 11. a3 Bxc3 12. Bxc3 Qa6 13. Nd2 b5 14. cxb5 cxb5
15. Rfc1 Qb7 16. a4 b4 17. Bb2 a6 18. f3 Rfe8 1/2-1/2

[Event "MM 2006/07, LL "]
[Site "Berlin"]
[Date "2007.05.22"]
[Round "9.3"]
[White "Muse, Mladen"]
[Black "Bachmann, Andreas"]
[Result "1/2-1/2"]
[WhiteElo "2405"]
[BlackElo "2257"]
[PlyCount "21"]
[EventDate "2007.??.??"]
[EventType "team"]
[EventRounds "9"]
[EventCountry "GER"]
[WhiteTeam "Gillette"]
[BlackTeam "TT/Wiheil"]
[WhiteTeamCountry "GER"]
[BlackTeamCountry "GER"]

1. Nf3 g6 2. d4 Bg7 3. e4 d6 4. c3 Nd7 5. Bc4 e6 6. Bb3 Ngf6 7. Qe2 O-O 8. O-O
b6 9. e5 dxe5 10. dxe5 Nd5 11. Bg5 1/2-1/2

[Event "MM 2006/07, LL "]
[Site "Berlin"]
[Date "2007.05.22"]
[Round "9.6"]
[White "Lahtela, Silvio"]
[Black "Prudlo, Simon"]
[Result "1/2-1/2"]
[WhiteElo "2184"]
[BlackElo "2228"]
[PlyCount "33"]
[EventDate "2007.??.??"]
[EventType "team"]
[EventRounds "9"]
[EventCountry "GER"]
[WhiteTeam "TT/Wiheil"]
[BlackTeam "Gillette"]
[WhiteTeamCountry "GER"]
[BlackTeamCountry "GER"]

1. d4 Nf6 2. c4 g6 3. Nc3 Bg7 4. e4 d6 5. Be2 O-O 6. Bg5 Nbd7 7. Qd2 e5 8. dxe5
dxe5 9. Bh6 Nc5 10. Bxg7 Qxd2+ 11. Kxd2 Kxg7 12. f3 a5 13. Rd1 c6 14. Kc2 Ne6
15. Bd3 Nd4+ 16. Kb1 Be6 17. Nge2 1/2-1/2

[Event "MM 2006/07, LL "]
[Site "Berlin"]
[Date "2007.05.22"]
[Round "9.2"]
[White "Miersch, Marco"]
[Black "Mattick, Lutz"]
[Result "0-1"]
[WhiteElo "2050"]
[BlackElo "2222"]
[PlyCount "89"]
[EventDate "2007.??.??"]
[EventType "team"]
[EventRounds "9"]
[EventCountry "GER"]
[WhiteTeam "Allianz"]
[BlackTeam "Schering"]
[WhiteTeamCountry "GER"]
[BlackTeamCountry "GER"]

1. e4 c5 2. Nf3 e6 3. d4 cxd4 4. Nxd4 a6 5. Bd3 Qc7 6. O-O Nf6 7. c4 Nc6 8. Be3
Ne5 9. h3 Bc5 10. Nc3 d6 11. Rc1 O-O 12. Bb1 Nxc4 13. Bg5 Nxb2 14. Qd2 Nc4 15.
Qd3 Ne5 16. Qg3 Qe7 17. Nf5 exf5 18. Nd5 Nxd5 19. Bxe7 Nxe7 20. Rxc5 f4 21. Qc3
dxc5 22. Qxe5 Ng6 23. Qxc5 f3 24. gxf3 Bxh3 25. Rd1 Rae8 26. Qg5 Bc8 27. f4 f6
28. Qg3 Rd8 29. Rc1 Rfe8 30. Bc2 Kh8 31. e5 fxe5 32. Bxg6 hxg6 33. fxe5 Bf5 34.
Qh4+ Kg8 35. Qc4+ Be6 36. Qf4 Rd7 37. a3 Red8 38. Qg5 Bf5 39. Qe3 Rd4 40. Qb3+
Kh7 41. Qxb7 Rg4+ 42. Kh2 Be4 43. Qa7 Rd3 44. f3 Rxf3 45. Rc7 0-1

[Event "MM 2006/07, LL "]
[Site "Berlin"]
[Date "2007.05.22"]
[Round "9.5"]
[White "Lehmann, Lutz"]
[Black "Pelzer, Reinhard"]
[Result "1-0"]
[WhiteElo "1868"]
[BlackElo "1851"]
[PlyCount "93"]
[EventDate "2007.??.??"]
[EventType "team"]
[EventRounds "9"]
[EventCountry "GER"]
[WhiteTeam "Schering"]
[BlackTeam "Allianz"]
[WhiteTeamCountry "GER"]
[BlackTeamCountry "GER"]

1. Nf3 Nf6 2. d4 d5 3. c4 e6 4. g3 c5 5. cxd5 exd5 6. Bg2 Nc6 7. O-O c4 8. Nc3
Be7 9. Ne5 O-O 10. e4 Nxe5 11. dxe5 Ng4 12. Qxd5 Qc7 13. Nb5 Qb6 14. Nd6 Be6
15. Qxb7 Qxb7 16. Nxb7 Nxe5 17. Be3 Rfc8 18. Bd4 f6 19. f4 Nd3 20. e5 Rab8 21.
f5 Bd7 22. e6 Bc6 23. Bxc6 Rxc6 24. Na5 Rc7 25. Rab1 Bb4 26. Bc3 Rb5 27. Bxb4
Rxb4 28. Rfd1 Rc5 29. Nxc4 Rbxc4 30. Rxd3 Rc8 31. Rbd1 Kf8 32. Rd8+ Rxd8 33.
Rxd8+ Ke7 34. Rd7+ Kf8 35. Rd2 g6 36. Rd8+ Ke7 37. Rd7+ Ke8 38. Rxh7 gxf5 39.
Rxa7 Rc1+ 40. Kg2 Rc2+ 41. Kf3 Rxb2 42. h4 Rb6 43. e7 Rb4 44. a4 Rb3+ 45. Kf4
Rb4+ 46. Kxf5 Rb3 47. g4 1-0

[Event "MM 2006/07, LL "]
[Site "Berlin"]
[Date "2007.05.22"]
[Round "9.6"]
[White "Scherer, Andreas"]
[Black "Heinrich, Friedhelm"]
[Result "1/2-1/2"]
[WhiteElo "1628"]
[BlackElo "1579"]
[PlyCount "101"]
[EventDate "2007.??.??"]
[EventType "team"]
[EventRounds "9"]
[EventCountry "GER"]
[WhiteTeam "Allianz"]
[BlackTeam "Schering"]
[WhiteTeamCountry "GER"]
[BlackTeamCountry "GER"]

1. e4 Nf6 2. e5 Nd5 3. Nf3 d6 4. Bc4 Nb6 5. Bb3 d5 6. d4 e6 7. O-O c5 8. c3 Nc6
9. Bc2 cxd4 10. cxd4 Be7 11. a3 O-O 12. Qd3 g6 13. Bh6 Re8 14. Nbd2 Bf8 15.
Bxf8 Rxf8 16. b4 Ne7 17. Rfc1 Bd7 18. Nb3 Na4 19. Nc5 Nxc5 20. bxc5 Kg7 21.
Rcb1 Bc6 22. h4 Nf5 23. g3 h6 24. h5 Ne7 25. Kg2 Qe8 26. Nh4 Nf5 27. Nf3 Ne7
28. Rb2 Rh8 29. Rh1 g5 30. g4 Rb8 31. Rhb1 Qd7 32. Nd2 Rbf8 33. Nf3 Rb8 34. Rb4
a5 35. R4b2 Ba4 36. Bxa4 Qxa4 37. Rxb7 Rxb7 38. Rxb7 Re8 39. Nd2 Qd1 40. f3 Kg8
41. Rb1 Qa4 42. Kf2 Nc6 43. Ke3 Kg7 44. Nf1 Rb8 45. Rxb8 Nxb8 46. Ng3 Nc6 47.
Ne2 Na7 48. f4 Nb5 49. Nc3 Nxc3 50. Qxc3 gxf4+ 51. Kxf4 1/2-1/2

[Event "MM 2006/07,  A1"]
[Site "Berlin"]
[Date "2007.05.22"]
[Round "9.1"]
[White "Lehmann, Klaus"]
[Black "Hoppe, Frank"]
[Result "1/2-1/2"]
[WhiteElo "2202"]
[BlackElo "2042"]
[PlyCount "38"]
[EventDate "2007.??.??"]
[EventType "team"]
[EventRounds "9"]
[EventCountry "GER"]
[WhiteTeam "DeTeWe"]
[BlackTeam "Gillette IV"]
[WhiteTeamCountry "GER"]
[BlackTeamCountry "GER"]

1. e4 e6 2. d4 d5 3. Nd2 Nf6 4. e5 Nfd7 5. c3 c5 6. Bd3 Nc6 7. Ne2 Qb6 8. Nf3
f6 9. exf6 Nxf6 10. O-O a5 11. Re1 Bd6 12. Bf4 Be7 13. Qc2 c4 14. Bg6+ hxg6 15.
Qxg6+ Kf8 16. b3 cxb3 17. Rab1 a4 18. c4 dxc4 19. Rec1 Qb5 {W 1:15h  S 0:30h}
1/2-1/2

[Event "MM 2006/07, A1 "]
[Site "Berlin"]
[Date "2007.05.22"]
[Round "9.2"]
[White "Puhlmann, Rainer"]
[Black "Weiten, Christoph"]
[Result "0-1"]
[WhiteElo "2087"]
[BlackElo "2002"]
[PlyCount "54"]
[EventDate "2007.??.??"]
[EventType "team"]
[EventRounds "9"]
[EventCountry "GER"]
[WhiteTeam "Bund"]
[BlackTeam "IBM"]
[WhiteTeamCountry "GER"]
[BlackTeamCountry "GER"]

1. Nf3 g6 2. g3 Bg7 3. Bg2 c5 4. c4 e6 5. Nc3 Ne7 6. O-O Nbc6 7. e4 O-O 8. d3
b6 9. Bf4 e5 10. Bd2 d6 11. a3 Bg4 12. Rb1 Qc8 13. h3 Bd7 14. Kh2 Nd4 15. b4
Nxf3+ 16. Qxf3 Bc6 17. Qd1 f5 18. f4 exf4 19. gxf4 Bd4 20. Nd5 Nxd5 21. cxd5
Bb5 22. Rf3 Qe8 23. bxc5 bxc5 24. Qe1 Ba6 25. Rg3 Bc8 26. Be3 Bf6 27. e5 dxe5 {
Rest unleserlich.} 0-1

[Event "MM 2006/07, D"]
[Site "Berlin"]
[Date "2007.05.22"]
[Round "11.5"]
[White "Mahler, Sonja"]
[Black "Ehrenberg, Michael"]
[Result "1-0"]
[WhiteElo "1430"]
[BlackElo "1427"]
[PlyCount "37"]
[EventDate "2007.??.??"]
[EventType "team"]
[EventRounds "11"]
[EventCountry "GER"]
[WhiteTeam "Gillette VI"]
[BlackTeam "Schering III"]
[WhiteTeamCountry "GER"]
[BlackTeamCountry "GER"]

1. d4 Nf6 2. Bf4 d5 3. Nf3 Nc6 4. e3 Bg4 5. c4 e6 6. a3 b6 7. Nc3 Bd6 8. Bg5
Qd7 9. Bxf6 gxf6 10. cxd5 Na5 11. b4 Nb7 12. Bb5 O-O-O 13. Bxd7+ Rxd7 14. Rc1
Rg8 15. Qa4 Bxf3 16. Qxa7 c6 17. Qa8+ Bb8 18. gxf3 exd5 19. Nb5 1-0